Gilbert and Sullivans "The Pirates of Penzance": die Bedeutung des Notenmarktes für die Verbreitung "populärer Musik" im spätviktorianischen England
Saved in:
| Main Author: | |
|---|---|
| Format: | Article (Journal) |
| Language: | German |
| Published: |
2022
|
| In: |
Lied und populäre Kultur
Year: 2022, Volume: 67, Pages: 79-104 |
| ISSN: | 1619-0548 |
| Online Access: |
|
| Author Notes: | Patrick Mertens |
MARC
| LEADER | 00000caa a2200000 c 4500 | ||
|---|---|---|---|
| 001 | 1827192607 | ||
| 003 | DE-627 | ||
| 005 | 20241205133543.0 | ||
| 007 | tu | ||
| 008 | 221215s2022 xx ||||| 00| ||ger c | ||
| 035 | |a (DE-627)1827192607 | ||
| 035 | |a (DE-599)KXP1827192607 | ||
| 035 | |a (OCoLC)1475285234 | ||
| 040 | |a DE-627 |b ger |c DE-627 |e rda | ||
| 041 | |a ger | ||
| 084 | |a 48 |2 sdnb | ||
| 100 | 1 | |a Mertens, Patrick |d 1992- |e VerfasserIn |0 (DE-588)1070570591 |0 (DE-627)824007999 |0 (DE-576)430264895 |4 aut | |
| 245 | 1 | 0 | |a Gilbert and Sullivans "The Pirates of Penzance" |b die Bedeutung des Notenmarktes für die Verbreitung "populärer Musik" im spätviktorianischen England |c Patrick Mertens |
| 264 | 1 | |c 2022 | |
| 300 | |a Illustrationen | ||
| 300 | |a 26 | ||
| 336 | |a Text |b txt |2 rdacontent | ||
| 337 | |a ohne Hilfsmittel zu benutzen |b n |2 rdamedia | ||
| 338 | |a Band |b nc |2 rdacarrier | ||
| 773 | 0 | 8 | |i Enthalten in |t Lied und populäre Kultur |d Münster : Waxmann, 2001 |g 67(2022), Seite 79-104 |w (DE-627)33868574X |w (DE-600)2064976-9 |w (DE-576)096606509 |x 1619-0548 |7 nnas |a Gilbert and Sullivans "The Pirates of Penzance" die Bedeutung des Notenmarktes für die Verbreitung "populärer Musik" im spätviktorianischen England |
| 773 | 1 | 8 | |g volume:67 |g year:2022 |g pages:79-104 |g extent:26 |a Gilbert and Sullivans "The Pirates of Penzance" die Bedeutung des Notenmarktes für die Verbreitung "populärer Musik" im spätviktorianischen England |
| 951 | |a AR | ||
| 992 | |a 20240828 | ||
| 993 | |a Article | ||
| 994 | |a 2022 | ||
| 998 | |g 1070570591 |a Mertens, Patrick |m 1070570591:Mertens, Patrick |d 70000 |d 72000 |d 72020 |e 70000PM1070570591 |e 72000PM1070570591 |e 72020PM1070570591 |k 0/70000/ |k 1/70000/72000/ |k 2/70000/72000/72020/ |p 1 |x j |y j | ||
| 999 | |a KXP-PPN1827192607 |e 4571695489 | ||
| BIB | |a Y | ||
| SER | |a journal | ||
| JSO | |a {"person":[{"family":"Mertens","given":"Patrick","roleDisplay":"VerfasserIn","display":"Mertens, Patrick","role":"aut"}],"name":{"displayForm":["Patrick Mertens"]},"id":{"eki":["1827192607"]},"title":[{"subtitle":"die Bedeutung des Notenmarktes für die Verbreitung \"populärer Musik\" im spätviktorianischen England","title":"Gilbert and Sullivans \"The Pirates of Penzance\"","title_sort":"Gilbert and Sullivans \"The Pirates of Penzance\""}],"origin":[{"dateIssuedDisp":"2022","dateIssuedKey":"2022"}],"recId":"1827192607","relHost":[{"id":{"zdb":["2064976-9"],"eki":["33868574X"],"issn":["1619-0548"]},"origin":[{"dateIssuedDisp":"2001-","publisher":"Waxmann ; Waxmann","dateIssuedKey":"2001","publisherPlace":"Münster ; New York ; Münster ; München ; Berlin [u.a.]"}],"corporate":[{"roleDisplay":"Herausgebendes Organ","display":"Zentrum für Populäre Kultur und Musik","role":"isb"},{"display":"Deutsches Volksliedarchiv","roleDisplay":"Herausgebendes Organ","role":"isb"}],"language":["ger"],"recId":"33868574X","note":["Einzelne Bd. auch als \"Sonderband\" oder \"Special issue\" bez"],"disp":"Gilbert and Sullivans \"The Pirates of Penzance\" die Bedeutung des Notenmarktes für die Verbreitung \"populärer Musik\" im spätviktorianischen EnglandLied und populäre Kultur","type":{"bibl":"periodical"},"titleAlt":[{"title":"Jahrbuch des Deutschen Volksliedarchivs Freiburg"}],"part":{"extent":"26","volume":"67","text":"67(2022), Seite 79-104","pages":"79-104","year":"2022"},"titleTranslated":[{"translated":"Song and popular culture"}],"pubHistory":["45.2000(2001) -"],"title":[{"subtitle":"Jahrbuch des Zentrums für Populäre Kultur und Musik = Song and popular culture","title":"Lied und populäre Kultur","title_sort":"Lied und populäre Kultur"}]}],"language":["ger"],"type":{"bibl":"article-journal"},"physDesc":[{"extent":"26 S."}]} | ||
| SRT | |a MERTENSPATGILBERTAND2022 | ||